[Event "Berlin Lichtenrade op 15th"]
[Site "Berlin"]
[Date "2019.10.17"]
[Round "6"]
[White "Jaeschke, Jens Uwe"]
[Black "Roehr, Oliver"]
[Result "1/2-1/2"]
[WhiteElo "2116"]
[BlackElo "1987"]
[PlyCount "45"]
[EventDate "2019.10.12"]
[EventType "swiss"]
[EventRounds "9"]
[EventCountry "GER"]
[SourceTitle "CBM 195 Extra"]
[Source "ChessBase"]
[SourceDate "2020.05.31"]
[SourceVersion "1"]
[SourceVersionDate "2020.05.31"]
[SourceQuality "1"]

1. Nf3 Nf6 2. g3 e6 3. Bg2 d5 4. d4 Be7 5. 0-0 0-0 6. c4 dxc4 7. Ne5 Nc6 8. Nxc6 bxc6 9. Qc2 Rb8 10. Qxc4 Rb4 11. Qc2 Qxd4 12. Nc3 Nd5 13. Rd1 Qe5 14. e4 Nxc3 15. bxc3 Bf6 16. Be3 Qxc3 17. Qxc3 Bxc3 18. Rac1 Bb2 19. Rxc6 Ra4 20. Rxc7 Rxa2 21. Rxa7 Rxa7 22. Bxa7 Bf6 23. f4 1/2-1/2

[Event "Berlin Lichtenrade op 13th"]
[Site "Berlin"]
[Date "2017.11.01"]
[Round "5"]
[White "Oelmann, Henry"]
[Black "Jaeschke, Jens Uwe"]
[Result "1/2-1/2"]
[WhiteElo "1957"]
[BlackElo "2128"]
[PlyCount "88"]
[EventDate "2017.10.28"]
[EventType "swiss"]
[EventRounds "9"]
[EventCountry "GER"]
[SourceTitle "CBM 181 Extra"]
[Source "ChessBase"]
[SourceDate "2017.12.12"]
[SourceVersion "1"]
[SourceVersionDate "2017.12.12"]
[SourceQuality "1"]

1. Nf3 d5 2. d4 Nf6 3. c4 e6 4. Nc3 Be7 5. cxd5 exd5 6. Bg5 c6 7. Qc2 g6 8. e3 Bf5 9. Bd3 Bxd3 10. Qxd3 0-0 11. 0-0 Nbd7 12. Rab1 a5 13. Rfc1 Re8 14. a3 Ne4 15. Bxe7 Qxe7 16. Ne2 Ra6 17. Rc2 Kg7 18. Nf4 Nd6 19. Nd2 Nf6 20. Qe2 h5 21. Re1 Raa8 22. Nd3 Nd7 23. a4 Rh8 24. e4 dxe4 25. Nxe4 Nxe4 26. Qxe4 Qxe4 27. Rxe4 Rhe8 28. Rce2 Rxe4 29. Rxe4 Kf6 30. Kf1 Rd8 31. Ke2 Nb6 32. Rf4+ Ke7 33. Nc5 Rb8 34. Re4+ Kd6 35. Kd3 Nd5 36. g3 b6 37. Nb3 Nf6 38. Re2 Re8 39. Rxe8 Nxe8 40. Nd2 b5 41. Ne4+ Kc7 42. Nc5 Nf6 43. f3 Nd5 44. Ke4 bxa4 1/2-1/2

[Event "Berlin Lichtenrade op 13th"]
[Site "Berlin"]
[Date "2017.10.29"]
[Round "2"]
[White "Jaeschke, Jens Uwe"]
[Black "Bauder, Herbert"]
[Result "1-0"]
[WhiteElo "2128"]
[BlackElo "1925"]
[PlyCount "71"]
[EventDate "2017.10.28"]
[EventType "swiss"]
[EventRounds "9"]
[EventCountry "GER"]
[SourceTitle "CBM 181 Extra"]
[Source "ChessBase"]
[SourceDate "2017.12.12"]
[SourceVersion "1"]
[SourceVersionDate "2017.12.12"]
[SourceQuality "1"]

1. e4 c5 2. c3 Nf6 3. e5 Nd5 4. d4 cxd4 5. cxd4 Nc6 6. Nf3 d6 7. Bc4 Nb6 8. Bb5 d5 9. Nc3 Bg4 10. h3 Bh5 11. e6 f6 12. g4 Bg6 13. Bf4 Be4 14. 0-0 Bxf3 15. Qxf3 g6 16. a4 a5 17. b4 Bg7 18. bxa5 Rxa5 19. Qg3 Na8 20. Rab1 Rxb5 21. Rxb5 Nxd4 22. Rxb7 0-0 23. Rb8 Qa5 24. Rxf8+ Bxf8 25. Re1 Qb4 26. Kg2 Qc4 27. a5 Nb3 28. a6 d4 29. Ne4 d3 30. Nd2 Nxd2 31. Bxd2 Qxa6 32. Qb8 Qc6+ 33. Kg1 Nc7 34. Rc1 Qf3 35. Qxc7 Qxh3 36. Qg3 1-0

[Event "Berlin Lichtenrade op 13th"]
[Site "Berlin"]
[Date "2017.10.28"]
[Round "1"]
[White "Stein, Siegfried"]
[Black "Jaeschke, Jens Uwe"]
[Result "0-1"]
[WhiteElo "1782"]
[BlackElo "2128"]
[PlyCount "108"]
[EventDate "2017.10.28"]
[EventType "swiss"]
[EventRounds "9"]
[EventCountry "GER"]
[SourceTitle "CBM 181 Extra"]
[Source "ChessBase"]
[SourceDate "2017.12.12"]
[SourceVersion "1"]
[SourceVersionDate "2017.12.12"]
[SourceQuality "1"]

1. e4 e5 2. Nc3 Nf6 3. Bc4 Nc6 4. d3 Na5 5. Bb3 Nxb3 6. axb3 d5 7. exd5 Bb4 8. Bd2 0-0 9. Nge2 Nxd5 10. 0-0 Nxc3 11. Bxc3 Bxc3 12. Nxc3 Bd7 13. Qh5 Re8 14. f4 f6 15. f5 Bc6 16. Rae1 Re7 17. Kh1 Qe8 18. Qh4 Rd8 19. Ne4 Rd4 20. Rf3 Bxe4 21. Rxe4 Red7 22. Rfe3 c5 23. h3 R7d6 24. Kh2 Qc6 25. Qe1 Rxe4 26. dxe4 Rd4 27. Qe2 b6 28. c3 Rd6 29. Qc4+ Kf8 30. Rd3 Rxd3 31. Qxd3 b5 32. c4 bxc4 33. bxc4 a5 34. b3 Ke7 35. Qd5 Qxd5 36. exd5 g6 37. fxg6 hxg6 38. g4 g5 39. Kg3 Kd6 40. Kf3 Ke7 41. Ke4 Kd6 42. Kf3 Ke7 43. Kg3 Kd6 44. h4 gxh4+ 45. Kxh4 e4 46. Kg3 Ke5 47. d6 Kxd6 48. Kf4 e3 49. Kxe3 Ke5 50. Kf3 Kd4 51. Kf4 Kc3 52. Kf5 Kxb3 53. Kxf6 a4 54. g5 a3 0-1

[Event "Berlin Lichtenberger op 16th"]
[Site "Berlin"]
[Date "2017.08.27"]
[Round "9"]
[White "Jaeschke, Jens Uwe"]
[Black "Pueschel, Werner"]
[Result "1-0"]
[WhiteElo "2119"]
[BlackElo "1998"]
[PlyCount "139"]
[EventDate "2017.08.19"]
[EventType "swiss"]
[EventRounds "9"]
[EventCountry "GER"]
[SourceTitle "CBM 180 Extra"]
[Source "ChessBase"]
[SourceDate "2017.10.06"]
[SourceVersion "1"]
[SourceVersionDate "2017.10.06"]
[SourceQuality "1"]

1. c4 Nf6 2. Nc3 g6 3. e4 d6 4. g3 Bg7 5. Bg2 0-0 6. Nge2 c6 7. 0-0 Be6 8. d3 Qc8 9. Nf4 Bg4 10. f3 Bd7 11. Be3 e5 12. Nfe2 c5 13. a3 Nc6 14. Rb1 Nd4 15. b4 b6 16. Qd2 Qa6 17. Qb2 Nxe2+ 18. Nxe2 Rad8 19. Nc3 h6 20. Ra1 Qc8 21. Rfb1 Bc6 22. Qd2 Kh7 23. a4 Ng8 24. a5 Ne7 25. Ra2 Qc7 26. b5 Bd7 27. Rba1 Rb8 28. Qe1 Be6 29. Ra3 g5 30. R1a2 Kg6 31. Qa1 Rb7 32. axb6 axb6 33. Ra7 Rfb8 34. R7a6 Kh7 35. Qf1 Qd7 36. Qa1 Rc7 37. Nd1 Nc8 38. Nf2 Rbb7 39. Qf1 Ra7 40. Bh3 Rxa6 41. Bxe6 Qxe6 42. bxa6 Na7 43. Rb2 Rc6 44. Qb1 Nc8 45. Nd1 Bf6 46. Nc3 Bd8 47. Nb5 Qd7 48. Ra2 Na7 49. Nxa7 Qxa7 50. Qb5 Rc8 51. Kg2 Kg7 52. Kf2 Kf8 53. Qb1 Ra8 54. Qa1 Qd7 55. Qb1 Ra7 56. Kg2 Ke7 57. Qb5 f6 58. h4 Qc8 59. hxg5 hxg5 60. Ra1 Kf7 61. Rh1 Be7 62. Ra1 Bd8 63. Qa4 Be7 64. Ra3 Bd8 65. g4 Be7 66. Kg3 Bd8 67. Qc2 Ke6 68. Qh2 Qd7 69. Qh8 Be7 70. Qg8# 1-0

[Event "Berlin Lichtenberger op 16th"]
[Site "Berlin"]
[Date "2017.08.26"]
[Round "8"]
[White "Schneider, Christian1111"]
[Black "Jaeschke, Jens Uwe"]
[Result "1-0"]
[WhiteElo "2215"]
[BlackElo "2119"]
[PlyCount "73"]
[EventDate "2017.08.19"]
[EventType "swiss"]
[EventRounds "9"]
[EventCountry "GER"]
[SourceTitle "CBM 180 Extra"]
[Source "ChessBase"]
[SourceDate "2017.10.06"]
[SourceVersion "1"]
[SourceVersionDate "2017.10.06"]
[SourceQuality "1"]

1. Nc3 c5 2. e4 e6 3. f4 a6 4. a4 Nc6 5. Nf3 d5 6. d3 g6 7. g3 Bg7 8. Bg2 Nge7 9. 0-0 0-0 10. h3 Rb8 11. Ne2 b5 12. c3 b4 13. e5 f6 14. Be3 bxc3 15. bxc3 fxe5 16. Nxe5 Nxe5 17. fxe5 Rxf1+ 18. Qxf1 d4 19. cxd4 Nf5 20. Qf2 Rb2 21. Rc1 cxd4 22. Bg5 Qd7 23. g4 Ng3 24. Qxg3 Rxe2 25. Qf3 Rxg2+ 26. Qxg2 Bb7 27. Qa2 Bxe5 28. Bh6 Bd6 29. Rf1 Bd5 30. Qf2 Qe7 31. Bf4 e5 32. Bh6 e4 33. dxe4 Bxe4 34. Qa2+ Kh8 35. Rf8+ Qxf8 36. Bxf8 Bxf8 37. Qf7 1-0

[Event "Berlin Lichtenberger op 16th"]
[Site "Berlin"]
[Date "2017.08.22"]
[Round "4"]
[White "Jaeschke, Jens Uwe"]
[Black "Heinig, Wolfram"]
[Result "1/2-1/2"]
[WhiteElo "2119"]
[BlackElo "2328"]
[PlyCount "56"]
[EventDate "2017.08.19"]
[EventType "swiss"]
[EventRounds "9"]
[EventCountry "GER"]
[SourceTitle "CBM 180 Extra"]
[Source "ChessBase"]
[SourceDate "2017.10.06"]
[SourceVersion "1"]
[SourceVersionDate "2017.10.06"]
[SourceQuality "1"]

1. d4 Nf6 2. Nf3 g6 3. Nc3 d5 4. Bf4 Bg7 5. Qd2 0-0 6. Bh6 c5 7. dxc5 Nc6 8. Bxg7 Kxg7 9. e3 e5 10. Rd1 Be6 11. Bb5 Qc7 12. 0-0 Rad8 13. Qe2 d4 14. exd4 Nxd4 15. Nxd4 exd4 16. Ne4 Nxe4 17. Qxe4 Qxc5 18. Bd3 b6 19. Rfe1 Rd5 20. b3 Bf5 21. Qf3 Bxd3 22. Qxd3 Rfd8 23. a4 a5 24. h3 Qc7 25. Re4 Qd6 26. g3 h5 27. h4 Rd7 28. Kg2 Qc6 1/2-1/2

[Event "Berlin Lichtenberger op 16th"]
[Site "Berlin"]
[Date "2017.08.21"]
[Round "3"]
[White "Schmidt, Juergen"]
[Black "Jaeschke, Jens Uwe"]
[Result "0-1"]
[WhiteElo "1952"]
[BlackElo "2119"]
[PlyCount "104"]
[EventDate "2017.08.19"]
[EventType "swiss"]
[EventRounds "9"]
[EventCountry "GER"]
[SourceTitle "CBM 180 Extra"]
[Source "ChessBase"]
[SourceDate "2017.10.06"]
[SourceVersion "1"]
[SourceVersionDate "2017.10.06"]
[SourceQuality "1"]

1. e4 c6 2. d4 d5 3. exd5 cxd5 4. c4 Nf6 5. Nc3 Nc6 6. Nf3 Be6 7. c5 g6 8. Bb5 Bg7 9. Ne5 Bd7 10. Bxc6 Bxc6 11. 0-0 0-0 12. Re1 Nd7 13. Bf4 Re8 14. Qg4 Qc8 15. Qh4 f6 16. Nxd7 Qxd7 17. Bh6 e5 18. Bxg7 Kxg7 19. Re3 e4 20. Rh3 h5 21. Qf4 g5 22. Rg3 Kg6 23. h4 Qf5 24. Qd2 Kh6 25. Nd1 Qf4 26. hxg5+ fxg5 27. Ne3 Rf8 28. Qe2 Kg6 29. Rh3 Rh8 30. Nd1 Raf8 31. Rb1 Bd7 32. Rb3 Bg4 33. Qe3 Bxd1 34. Rxd1 Qg4 35. Re1 Rf3 36. Qe2 Rxb3 37. Qxg4 hxg4 38. axb3 Kf5 39. Re3 Ke6 40. b4 a6 41. b5 axb5 42. Rb3 Ra8 43. Rxb5 g3 44. fxg3 Ra4 45. b4 e3 46. Kf1 Kf5 47. Rxb7 Ke4 48. Re7+ Kd3 49. Kg1 Rxb4 50. c6 Rc4 51. c7 Kd2 52. g4 Rc1+ 0-1

[Event "Berlin Lichtenberger op 16th"]
[Site "Berlin"]
[Date "2017.08.20"]
[Round "2"]
[White "Jaeschke, Jens Uwe"]
[Black "Rehmsmeier, Marc"]
[Result "1-0"]
[WhiteElo "2119"]
[BlackElo "1698"]
[PlyCount "57"]
[EventDate "2017.08.19"]
[EventType "swiss"]
[EventRounds "9"]
[EventCountry "GER"]
[SourceTitle "CBM 180 Extra"]
[Source "ChessBase"]
[SourceDate "2017.10.06"]
[SourceVersion "1"]
[SourceVersionDate "2017.10.06"]
[SourceQuality "1"]

1. Nf3 Nf6 2. c4 e6 3. Nc3 Be7 4. e4 0-0 5. d4 d5 6. e5 Ne8 7. Be3 g6 8. Qb3 c6 9. h4 Ng7 10. 0-0-0 a5 11. Bd3 a4 12. Qc2 dxc4 13. Bxc4 b5 14. Bd3 Na6 15. Qe2 Nb4 16. Bb1 Ba6 17. h5 g5 18. g4 a3 19. bxa3 Nd5 20. Qc2 f5 21. exf6 Bxf6 22. h6 Nxc3 23. hxg7 Bxg7 24. Qxh7+ Kf7 25. Ne5+ Ke8 26. Qg6+ Ke7 27. Nxc6+ Kd6 28. Nxd8 Raxd8 29. Qxg7 1-0

[Event "Rostock SSC op 16th"]
[Site "Rostock"]
[Date "2017.07.28"]
[Round "4"]
[White "Wolf, Philipp"]
[Black "Jaeschke, Jens Uwe"]
[Result "0-1"]
[WhiteElo "1865"]
[BlackElo "2119"]
[PlyCount "46"]
[EventDate "2017.07.26"]
[EventType "swiss"]
[EventRounds "7"]
[EventCountry "GER"]
[SourceTitle "EXT 2018"]
[Source "ChessBase"]
[SourceDate "2017.10.13"]
[SourceVersion "1"]
[SourceVersionDate "2017.10.13"]
[SourceQuality "1"]

1. e4 e5 2. Nf3 Nc6 3. Bc4 Nf6 4. d4 exd4 5. 0-0 Nxe4 6. Re1 d5 7. Bxd5 Qxd5 8. Nc3 Qd7 9. Rxe4+ Be7 10. Nxd4 f5 11. Rf4 0-0 12. Nxc6 Qxc6 13. Rf3 Be6 14. Bf4 Bf6 15. Rh3 g6 16. Bh6 Rad8 17. Qe2 Bc4 18. Qe3 Rfe8 19. Qg3 Rd7 20. Bg5 Rde7 21. f4 Re3 22. Qh4 Rxh3 23. gxh3 Bd4+ 0-1

[Event "Rostock SSC op 16th"]
[Site "Rostock"]
[Date "2017.07.27"]
[Round "3"]
[White "Jaeschke, Jens Uwe"]
[Black "Troyke, Jannis"]
[Result "1-0"]
[WhiteElo "2119"]
[BlackElo "1749"]
[PlyCount "77"]
[EventDate "2017.07.26"]
[EventType "swiss"]
[EventRounds "7"]
[EventCountry "GER"]
[SourceTitle "EXT 2018"]
[Source "ChessBase"]
[SourceDate "2017.10.13"]
[SourceVersion "1"]
[SourceVersionDate "2017.10.13"]
[SourceQuality "1"]

1. Nf3 d6 2. d4 Nf6 3. Bg5 Ne4 4. Bf4 c5 5. e3 Qb6 6. Qc1 Nc6 7. Bd3 Nf6 8. c3 g6 9. Nbd2 Nh5 10. d5 Nxf4 11. exf4 Nb8 12. 0-0 Bh6 13. Ng5 0-0 14. Re1 Qd8 15. Ndf3 Nd7 16. Qe3 Nf6 17. c4 Re8 18. h3 Bg7 19. Nh2 h6 20. Ngf3 e6 21. Qd2 exd5 22. cxd5 a6 23. g4 b5 24. Rxe8+ Qxe8 25. Re1 Qd7 26. f5 g5 27. h4 gxh4 28. g5 hxg5 29. Qxg5 Bb7 30. Ng4 Nxg4 31. Re7 Qd8 32. f6 Nxf6 33. Rxb7 Qc8 34. Re7 Qg4+ 35. Qxg4 Nxg4 36. b3 Bf8 37. Re4 Nf6 38. Rxh4 Ra7 39. a4 1-0

[Event "Berlin Lichtenberger op 15th"]
[Site "Berlin"]
[Date "2016.08.18"]
[Round "6"]
[White "Hesse, Henrik"]
[Black "Jaeschke, Jens Uwe"]
[Result "1/2-1/2"]
[WhiteElo "1903"]
[BlackElo "2144"]
[PlyCount "47"]
[EventDate "2016.08.13"]
[EventType "swiss"]
[EventRounds "9"]
[EventCountry "GER"]
[SourceTitle "CBM 173 Extra"]
[Source "ChessBase"]
[SourceDate "2016.08.29"]
[SourceVersion "1"]
[SourceVersionDate "2016.08.29"]
[SourceQuality "1"]

1. c4 e6 2. d4 d5 3. e3 c5 4. Nc3 Nf6 5. Nf3 a6 6. cxd5 exd5 7. Bd3 Nc6 8. h3 Bd6 9. 0-0 0-0 10. dxc5 Bxc5 11. e4 d4 12. Ne2 Re8 13. Qc2 Nb4 14. Qxc5 Nxd3 15. Qc4 Ne5 16. Nxe5 Rxe5 17. f3 d3 18. Qd4 Re8 19. Qxd8 Rxd8 20. Rd1 Bxh3 21. Nf4 Be6 22. Nxd3 Bc4 23. Nf2 Rxd1+ 24. Nxd1 1/2-1/2

[Event "Berlin Lichtenberger op 13th"]
[Site "Berlin"]
[Date "2014.08.21"]
[Round "6"]
[White "Osten, David"]
[Black "Jaeschke, Jens Uwe"]
[Result "0-1"]
[WhiteElo "1733"]
[BlackElo "2130"]
[PlyCount "70"]
[EventDate "2014.08.16"]
[EventType "swiss"]
[EventRounds "9"]
[EventCountry "GER"]
[SourceTitle "CBM 161 Extra"]
[Source "ChessBase"]
[SourceDate "2014.08.29"]
[SourceVersion "1"]
[SourceVersionDate "2014.08.29"]
[SourceQuality "1"]

1. e4 e5 2. f4 exf4 3. Nf3 g5 4. h4 g4 5. Ne5 d6 6. Nxg4 Nf6 7. Nxf6+ Qxf6 8. Nc3 Nc6 9. Nd5 Qg6 10. d3 Qg3+ 11. Kd2 Nb4 12. Nxb4 Qe3+ 13. Kc3 Bg7+ 14. Kb3 Qb6 15. c3 a5 16. Kc2 axb4 17. Qf3 bxc3 18. bxc3 Be6 19. d4 Bxa2 20. Bb2 Bb3+ 21. Kc1 Rxa1+ 22. Bxa1 0-0 23. Bd3 c5 24. e5 Ra8 25. Bb2 cxd4 26. cxd4 dxe5 27. dxe5 Qc5+ 28. Kd2 Qb4+ 29. Ke2 Rd8 30. Qe4 Bc4 31. Bd4 Bxd3+ 32. Kxd3 Qb5+ 33. Kc3 Bf8 34. Rb1 Rc8+ 35. Kd2 Bb4+ 0-1

[Event "Berlin Lichtenberger op 13th"]
[Site "Berlin"]
[Date "2014.08.20"]
[Round "5"]
[White "Jaeschke, Jens Uwe"]
[Black "Muskewitz, Bernd"]
[Result "1-0"]
[WhiteElo "2130"]
[BlackElo "1969"]
[PlyCount "45"]
[EventDate "2014.08.16"]
[EventType "swiss"]
[EventRounds "9"]
[EventCountry "GER"]
[SourceTitle "CBM 161 Extra"]
[Source "ChessBase"]
[SourceDate "2014.08.29"]
[SourceVersion "1"]
[SourceVersionDate "2014.08.29"]
[SourceQuality "1"]

1. e4 c5 2. Nf3 e6 3. d3 d5 4. Qe2 d4 5. g3 Nc6 6. Bg2 Nge7 7. a4 Ng6 8. 0-0 a6 9. h4 e5 10. h5 Nge7 11. Nh4 f6 12. Na3 g5 13. hxg6 hxg6 14. Nc4 g5 15. Nf5 Nxf5 16. exf5 Bxf5 17. f4 gxf4 18. Bxf4 Qe7 19. Bxc6+ bxc6 20. Bxe5 fxe5 21. Rxf5 0-0-0 22. Raf1 Qh7 23. Qg2 1-0

[Event "Berlin Lichtenrade op 07th"]
[Site "Berlin"]
[Date "2011.10.16"]
[Round "9"]
[White "Jaeschke, Jens Uwe"]
[Black "Kachibadze, Georg"]
[Result "1-0"]
[WhiteElo "2155"]
[BlackElo "2340"]
[PlyCount "33"]
[EventDate "2011.10.08"]
[EventType "swiss"]
[EventRounds "9"]
[EventCountry "GER"]
[SourceTitle "CBM 144 Extra"]
[Source "ChessBase"]
[SourceDate "2011.10.28"]
[SourceVersion "1"]
[SourceVersionDate "2011.10.28"]
[SourceQuality "1"]

1. c4 Nf6 2. g3 e6 3. Bg2 d5 4. Nf3 Be7 5. 0-0 0-0 6. Qc2 b6 7. cxd5 exd5 8. d4 Ne4 9. Bf4 Bd6 10. Bxd6 Qxd6 11. Nc3 Nxc3 12. bxc3 Ba6 13. Rfe1 f5 14. Ne5 Nc6 15. Qb3 Rad8 16. Bxd5+ Qxd5 17. Nxc6 1-0

[Event "Pardubice op-B"]
[Site "Pardubice"]
[Date "2009.07.28"]
[Round "5"]
[White "Svoboda, Vaclav1111"]
[Black "Jaeschke, Jens Uwe"]
[Result "1-0"]
[WhiteElo "2256"]
[BlackElo "2171"]
[PlyCount "63"]
[EventDate "2009.07.24"]
[EventType "swiss"]
[EventRounds "9"]
[EventCountry "CZE"]
[SourceTitle "CBM 131 Extra"]
[Source "ChessBase"]
[SourceDate "2009.09.03"]
[SourceVersion "2"]
[SourceVersionDate "2009.09.16"]
[SourceQuality "1"]

1. e4 d6 2. d4 Nf6 3. Nc3 Nbd7 4. Nf3 e5 5. Bc4 Be7 6. dxe5 dxe5 7. Bxf7+ Kxf7 8. Ng5+ Kg6 9. h4 h5 10. Qf3 Nc5 11. Qg3 Bg4 12. f3 Qd4 13. Bd2 b5 14. 0-0-0 b4 15. fxg4 bxc3 16. Bxc3 Ncxe4 17. gxh5+ Nxh5 18. Qf3 Bxg5+ 19. hxg5 Qc4 20. Rd4 exd4 21. Qxe4+ Kxg5 22. g4 Ng3 23. Bd2+ Kf6 24. g5+ Kf7 25. g6+ Kf6 26. Qf4+ Nf5 27. Qg5+ Ke6 28. Re1+ Kd6 29. Qxf5 Rae8 30. Rd1 Rhf8 31. Qa5 Rf1 32. Qb4+ 1-0

[Event "Berlin Lichtenrade op 04th"]
[Site "Berlin"]
[Date "2008.10.21"]
[Round "4"]
[White "Roitzsch, Philippe"]
[Black "Jaeschke, Jens Uwe"]
[Result "1-0"]
[WhiteElo "1964"]
[BlackElo "2185"]
[PlyCount "61"]
[EventDate "2008.10.18"]
[EventType "swiss"]
[EventRounds "9"]
[EventCountry "GER"]
[SourceTitle "CBM 126 Extra"]
[Source "ChessBase"]
[SourceDate "2008.11.05"]
[SourceVersion "1"]
[SourceVersionDate "2008.11.05"]
[SourceQuality "1"]

1. e4 d5 2. exd5 Qxd5 3. Nc3 Qd8 4. d4 Nf6 5. Bc4 a6 6. Nf3 b5 7. Bb3 c5 8. dxc5 Qxd1+ 9. Nxd1 e6 10. Be3 Bb7 11. a4 Nbd7 12. axb5 axb5 13. Rxa8+ Bxa8 14. Nc3 b4 15. Na4 Ne4 16. Nb6 Nxb6 17. cxb6 Nc5 18. Bc4 Bd6 19. Bb5+ Ke7 20. Nd4 Bxg2 21. Rg1 Be4 22. f3 Bd5 23. Bc6 Bxh2 24. Rg2 Be5 25. Bxd5 exd5 26. Nc6+ Kd6 27. Nxe5 Kxe5 28. Bxc5 h5 29. Re2+ Kf4 30. Bd6+ Kxf3 31. b7 1-0

[Event "Berlin Unicorn op"]
[Site "Berlin"]
[Date "2008.05.04"]
[Round "7"]
[White "Brustkern, Juergen"]
[Black "Jaeschke, Jens Uwe"]
[Result "1-0"]
[WhiteElo "2311"]
[BlackElo "2189"]
[PlyCount "119"]
[EventDate "2008.04.30"]
[EventType "swiss"]
[EventRounds "7"]
[EventCountry "GER"]
[SourceTitle "CBM 124 Extra"]
[Source "ChessBase"]
[SourceDate "2008.07.03"]
[SourceVersion "1"]
[SourceVersionDate "2008.07.03"]
[SourceQuality "1"]

1. d4 Nf6 2. c4 e6 3. Nf3 d5 4. Nc3 Be7 5. Bg5 h6 6. Bh4 0-0 7. Qc2 c5 8. dxc5 Qa5 9. cxd5 exd5 10. a3 Nc6 11. e3 Qxc5 12. 0-0-0 Be6 13. Bxf6 Bxf6 14. Nxd5 Qxc2+ 15. Kxc2 Bxd5 16. Rxd5 Rac8 17. Kb1 Rfd8 18. Rxd8+ Rxd8 19. Be2 Kf8 20. h4 Ke7 21. h5 Rd5 22. g4 Rd6 23. Rc1 Rd5 24. Rc2 Rd8 25. Ne1 Bh4 26. Nd3 Rd6 27. Nc5 Nd8 28. Ne4 Rc6 29. Rd2 Ne6 30. Bb5 Rc7 31. Nd6 g6 32. hxg6 fxg6 33. f4 a6 34. Ba4 Be1 35. Re2 Kxd6 36. Rxe1 h5 37. Bc2 hxg4 38. Rg1 Rg7 39. Rxg4 g5 40. Bb3 Nc5 41. Bc2 Ne6 42. Bf5 gxf4 43. Bxe6 Re7 44. Bc4 fxe3 45. Be2 Kc7 46. Rd4 Kb6 47. Kc2 Ka7 48. Kd3 Rg7 49. Bf3 Re7 50. Re4 Rg7 51. Kxe3 Rc7 52. Kd3 Rf7 53. Bg4 Rg7 54. Be6 Rc7 55. Bd5 Rg7 56. Rf4 Rg6 57. Rf7 Rb6 58. b4 Kb8 59. Kc4 Ka8 60. a4 1-0

[Event "Berlin Kreuzberg op"]
[Site "Berlin"]
[Date "2007.07.22"]
[Round "9"]
[White "Kohler, Thomas"]
[Black "Jaeschke, Jens Uwe"]
[Result "0-1"]
[WhiteElo "2254"]
[BlackElo "2175"]
[PlyCount "126"]
[EventDate "2007.07.20"]
[EventType "swiss"]
[EventRounds "9"]
[EventCountry "GER"]
[SourceTitle "EXT 2008"]
[Source "ChessBase"]
[SourceDate "2007.11.25"]
[SourceVersion "1"]
[SourceVersionDate "2007.11.25"]
[SourceQuality "1"]

1. Nf3 d5 2. c4 e6 3. g3 dxc4 4. Qa4+ Nd7 5. Bg2 a6 6. Qxc4 b5 7. Qc2 Bb7 8. 0-0 c5 9. a4 Ngf6 10. axb5 axb5 11. Rxa8 Qxa8 12. Na3 Bc6 13. Ne1 Bxg2 14. Nxg2 Qb7 15. Qb3 b4 16. Nc4 Be7 17. d3 0-0 18. e4 Ra8 19. Nge3 Ne8 20. f4 Nd6 21. Nxd6 Bxd6 22. Nc4 Be7 23. Be3 Qa6 24. Rc1 Rd8 25. Kf2 h6 26. Ke2 Kh7 27. Ne5 Nxe5 28. fxe5 Rc8 29. Qc4 Qb7 30. d4 Qxe4 31. Qd3 Qxd3+ 32. Kxd3 Rd8 33. Rc4 Kg6 34. Ke4 cxd4 35. Bxd4 Rd7 36. Rc6 Rb7 37. b3 Bg5 38. h3 h5 39. Kf3 Bd2 40. g4 hxg4+ 41. hxg4 Kg5 42. Bb6 Bc3 43. Be3+ Kg6 44. Ke4 Rb5 45. Bd4 Kg5 46. Rc7 Kxg4 47. Rxf7 g5 48. Rf6 Rd5 49. Bxc3 bxc3 50. Rf1 Rb5 51. Rg1+ Kh5 52. Rh1+ Kg4 53. Rg1+ Kh4 54. Kf3 Kh5 55. Ke4 Rxb3 56. Kd4 c2 57. Rc1 Rb4+ 58. Kc5 Rb2 59. Kd6 g4 60. Kxe6 g3 61. Kf5 g2 62. e6 Rb8 63. Rg1 Kh4 0-1

[Event "Berlin Unicorn op"]
[Site "Berlin"]
[Date "2007.05.19"]
[Round "6"]
[White "Bachran, Boris"]
[Black "Jaeschke, Jens Uwe"]
[Result "1/2-1/2"]
[WhiteElo "1880"]
[BlackElo "2175"]
[PlyCount "107"]
[EventDate "2007.05.16"]
[EventType "swiss"]
[EventRounds "7"]
[EventCountry "GER"]
[SourceTitle "CBM 118 Extra"]
[Source "ChessBase"]
[SourceDate "2007.07.04"]
[SourceVersion "1"]
[SourceVersionDate "2007.07.04"]
[SourceQuality "1"]

1. d4 d6 2. Nf3 Bg4 3. e4 Nf6 4. Bd3 e5 5. dxe5 dxe5 6. Bb5+ Nbd7 7. Bxd7+ Qxd7 8. Qxd7+ Nxd7 9. Nfd2 0-0-0 10. f3 Be6 11. Nb3 Nc5 12. Nc3 b6 13. Be3 Nb7 14. Kf2 Bb4 15. Ne2 a5 16. c3 Be7 17. Rad1 a4 18. Nbc1 Nc5 19. a3 Bc4 20. g4 Rxd1 21. Rxd1 Rd8 22. Rxd8+ Kxd8 23. Ke1 Kd7 24. Kd2 f6 25. Bxc5 Bxc5 26. Nd3 Be7 27. Ng3 g6 28. Nf1 Be6 29. Ne3 c6 30. Ke2 b5 31. Kd2 Kd6 32. h3 Bd8 33. Ke2 Bb6 34. Kd2 Bxe3+ 35. Kxe3 Bc4 36. Nf2 g5 37. Nh1 Bf7 38. Ng3 Bg6 39. Kd2 Kc5 40. Kd3 Bf7 41. Kd2 Kd6 42. Kd3 Bc4+ 43. Ke3 Be6 44. Nh5 Ke7 45. Kf2 Bf7 46. Ng3 Be6 47. Ke3 Kd6 48. h4 gxh4 49. Nf5+ Kc5 50. Nxh4 Kc4 51. Kd2 Kb3 52. Kc1 Bc4 53. Ng2 Be2 54. Ne1 1/2-1/2

[Event "Berlin op 09"]
[Site "Berlin"]
[Date "2006.10.06"]
[Round "7"]
[White "Jaeschke, Jens Uwe"]
[Black "Knopf, Roland"]
[Result "1-0"]
[WhiteElo "2180"]
[BlackElo "1930"]
[PlyCount "63"]
[EventDate "2006.09.30"]
[EventType "swiss"]
[EventRounds "9"]
[EventCountry "GER"]
[SourceTitle "EXT 2007"]
[Source "ChessBase"]
[SourceDate "2006.11.23"]
[SourceVersion "1"]
[SourceVersionDate "2006.11.23"]
[SourceQuality "1"]

1. e4 d6 2. d4 g6 3. Nf3 Bg7 4. c3 Nf6 5. Bd3 0-0 6. 0-0 c5 7. h3 cxd4 8. cxd4 Nc6 9. Nc3 Nb4 10. Bb1 a5 11. Bg5 h6 12. Be3 Bd7 13. Qe2 a4 14. a3 Na6 15. Bd3 Nc7 16. d5 Na6 17. e5 dxe5 18. Nxe5 Nxd5 19. Nxd5 Bxe5 20. Bxh6 Bg7 21. Nxe7+ Kh7 22. Bxg7 Kxg7 23. Qe5+ f6 24. Qe4 f5 25. Qd4+ Kh7 26. Rfe1 Nc7 27. Rad1 Ne6 28. Qh4+ Kg7 29. Bb5 Bxb5 30. Rxd8 Nxd8 31. Nd5 Nc6 32. Nc7 1-0

[Event "Berlin op 09"]
[Site "Berlin"]
[Date "2006.10.04"]
[Round "5"]
[White "Jaeschke, Jens Uwe"]
[Black "Kachibadze, Georg"]
[Result "1/2-1/2"]
[WhiteElo "2180"]
[BlackElo "1939"]
[PlyCount "44"]
[EventDate "2006.09.30"]
[EventType "swiss"]
[EventRounds "9"]
[EventCountry "GER"]
[SourceTitle "EXT 2007"]
[Source "ChessBase"]
[SourceDate "2006.11.23"]
[SourceVersion "1"]
[SourceVersionDate "2006.11.23"]
[SourceQuality "1"]

1. c4 e6 2. Nc3 d5 3. d4 Nf6 4. cxd5 exd5 5. Bg5 Be7 6. e3 0-0 7. Qc2 Nbd7 8. Bd3 Re8 9. Nge2 Nf8 10. 0-0-0 Be6 11. h3 Rc8 12. Kb1 c5 13. dxc5 Rxc5 14. Bf4 Qa5 15. Qa4 Qxa4 16. Nxa4 Ra5 17. Nac3 Ne4 18. Bc7 Rc5 19. Bxe4 dxe4 20. Bd6 Bxd6 21. Rxd6 Bc4 22. b4 Rc7 1/2-1/2